[Event "Titled Tue 26th Aug Late"]
[Site "chess.com INT"]
[Date "2025.08.26"]
[Round "3"]
[White "Rizzo, Tobias"]
[Black "Taylor, Tristan"]
[Result "1/2-1/2"]
[WhiteElo "1955"]
[BlackElo "1973"]
[WhiteFideId "30942691"]
[BlackFideId "2635054"]
[EventDate "2025.08.26"]

1. Nf3 Nf6 2. g3 b6 3. Bg2 Bb7 4. O-O e6 5. b3 Be7 6. Bb2 O-O 7. d3 c5 8. e4 d6
9. Nbd2 Nbd7 10. Qe2 a6 11. Rae1 Rc8 12. e5 dxe5 13. Nxe5 Bxg2 14. Kxg2 Nxe5 15.
Qxe5 Qc7 16. Qg5 h6 17. Qe3 Qc6+ 18. f3 Nd5 19. Qe4 Bf6 20. Bxf6 Nxf6 21. Qxc6
Rxc6 22. Nc4 Nd5 23. a3 Rd8 24. f4 f6 25. Nd2 Kf7 26. Ne4 Ne7 27. Re2 Nf5 28.
Rfe1 Nd4 29. Rf2 b5 30. Nd2 Nxc2 31. Rc1 Ne3+ 32. Kf3 Nf5 33. Ke2 Nd4+ 34. Ke3
Nf5+ 35. Ke2 Rd5 36. b4 Nd6 37. Ne4 Nxe4 38. dxe4 Rd4 39. Ke3 Rc4 40. Rxc4 bxc4
41. Rc2 cxb4 42. axb4 Ke7 43. Kd4 Kd6 44. e5+ fxe5+ 45. fxe5+ Kc7 46. Rxc4 Rxc4+
47. Kxc4 Kc6 48. g4 g6 49. h4 Kb6 50. Kd4 Kb5 51. Kc3 Kb6 52. Kb3 Kb5 53. Kc3
Kc6 54. Kc4 Kb6 55. Kd4 Kb5 56. Kc3 1/2-1/2

[Event "Titled Tue 26th Aug Late"]
[Site "chess.com INT"]
[Date "2025.08.26"]
[Round "3"]
[White "Kochetkov, German"]
[Black "Fuentes, Agustin"]
[Result "0-1"]
[WhiteTitle "IM"]
[WhiteElo "2277"]
[BlackElo "1924"]
[WhiteFideId "13500635"]
[BlackFideId "140040"]
[EventDate "2025.08.26"]

1. f4 Nf6 2. Nf3 d5 3. g3 c5 4. Bg2 Nc6 5. O-O g6 6. d3 Bg7 7. Nc3 d4 8. Na4 Nd7
9. c4 dxc3 10. Nxc3 e5 11. f5 gxf5 12. Nh4 f4 13. Nf5 Rg8 14. Nd6+ Ke7 15. Nf5+
Kf8 16. gxf4 exf4 17. Bxf4 Nde5 18. Nxg7 Kxg7 19. Kh1 Be6 20. Ne4 Bd5 21. Rc1 b6
22. a3 Qh4 23. Bg3 Qh5 24. b4 Kh8 25. Nf6 Bxg2+ 26. Kxg2 Rxg3+ 27. hxg3 Qg5 28.
Ne4 Qg6 29. Rf6 Qg4 30. bxc5 Rg8 31. e3 Qg7 32. cxb6 Ng4 33. Qf3 Nce5 34. Qf5
Nxf6 35. Qxf6 axb6 36. Rh1 Nxd3 0-1

[Event "Titled Tue 26th Aug Late"]
[Site "chess.com INT"]
[Date "2025.08.26"]
[Round "3"]
[White "Peek, Maurice"]
[Black "Paichadze, Luka"]
[Result "1/2-1/2"]
[WhiteTitle "IM"]
[BlackTitle "GM"]
[WhiteElo "2381"]
[BlackElo "2520"]
[WhiteFideId "1004239"]
[BlackFideId "13602934"]
[EventDate "2025.08.26"]

1. d4 Nf6 2. c4 e6 3. g3 Bb4+ 4. Nd2 d5 5. Bg2 O-O 6. Qc2 c5 7. dxc5 d4 8. Nf3
Nc6 9. a3 Bxc5 10. b4 Be7 11. Bb2 e5 12. b5 Na5 13. Nxe5 Be6 14. O-O Rc8 15.
Rac1 Qc7 16. Bxd4 Bxa3 17. Ra1 Bd6 18. Qb2 b6 19. Rfc1 Rfe8 20. Nc6 Nxc6 21.
Bxc6 Bd7 22. Bxf6 gxf6 23. Ne4 Be5 24. Nxf6+ Kg7 25. Nxe8+ Rxe8 26. Qa2 Bxc6 27.
bxc6 Bxa1 28. Rxa1 Qxc6 29. e3 Re7 30. h4 Rc7 31. Rc1 f6 32. Qe2 Qe4 33. Rd1 a5
34. Rd6 a4 35. Qb2 Qf3 36. Rxb6 Rxc4 37. Rb7+ Kh6 38. Ra7 Rxh4 39. gxh4 Qg4+ 40.
Kh2 Qxh4+ 41. Kg2 Qg4+ 42. Kh1 Qh4+ 43. Kg1 Qg4+ 44. Kf1 Qd1+ 45. Kg2 Qg4+ 46.
Kh2 Qh4+ 47. Kg1 Qg4+ 48. Kh1 Qh4+ 49. Kg1 1/2-1/2

[Event "Titled Tue 26th Aug Late"]
[Site "chess.com INT"]
[Date "2025.08.26"]
[Round "3"]
[White "Kawka, Milena"]
[Black "Carafizi, Vasile"]
[Result "1-0"]
[WhiteTitle "WCM"]
[BlackTitle "FM"]
[WhiteElo "2017"]
[BlackElo "2134"]
[WhiteFideId "21095167"]
[BlackFideId "4002539"]
[EventDate "2025.08.26"]

1. Nf3 d5 2. e3 Nd7 3. d4 Ngf6 4. Bd3 e6 5. b3 c5 6. Bb2 Bd6 7. Nbd2 O-O 8. O-O
b6 9. c4 Bb7 10. Rc1 cxd4 11. exd4 Rc8 12. Qe2 Re8 13. Rfe1 Bb8 14. Ne5 Nxe5 15.
dxe5 Nd7 16. Qh5 Nf8 17. Nf3 dxc4 18. Bxc4 h6 19. Nd4 Qg5 20. Qxg5 hxg5 21. Bb5
Rxc1 22. Rxc1 Rd8 23. Bc6 Ba6 24. Nf3 g4 25. Ng5 Rd2 26. Bc3 Rxa2 27. Be8 Re2
28. Bxf7+ Kh8 29. Nxe6 Nxe6 30. Bxe6 Bxe5 31. Bxg4 Bf4 32. Bxe2 Bxe2 33. Re1 Bb5
34. Re4 Bg5 35. Rg4 Bh6 36. Rh4 Kh7 37. Rh5 Be8 38. Re5 Bf7 39. Re7 Bxb3 40.
Rxa7 b5 41. Rb7 Bc4 42. g4 Kg6 43. h4 Bd5 44. Rb6+ Kf7 45. g5 1-0

[Event "Titled Tue 26th Aug Late"]
[Site "chess.com INT"]
[Date "2025.08.26"]
[Round "3"]
[White "Tang, Zoey"]
[Black "Kavyev, Ruslan"]
[Result "1-0"]
[WhiteTitle "FM"]
[BlackTitle "FM"]
[WhiteElo "2381"]
[BlackElo "2179"]
[WhiteFideId "30952530"]
[BlackFideId "34110981"]
[EventDate "2025.08.26"]

1. d4 Nf6 2. c4 g6 3. Nc3 Bg7 4. e4 d6 5. Be2 O-O 6. Be3 a5 7. h3 a4 8. a3 Nc6
9. d5 Na5 10. Nf3 Nb3 11. Rb1 Bd7 12. O-O c5 13. Bd3 Nh5 14. Bc2 Na5 15. Nd2
Bxc3 16. bxc3 Qe8 17. Bh6 Ng7 18. f4 f6 19. Qe2 Kh8 20. e5 Bf5 21. Bxf5 gxf5 22.
Bxg7+ Kxg7 23. Nf3 Nb3 24. Nh4 fxe5 25. fxe5 Kh8 26. exd6 exd6 27. Qxe8 Raxe8
28. Rxf5 Rg8 29. Rf2 Rg3 30. Nf5 Rg6 31. Rbf1 Re4 32. Kh2 h5 33. Ng3 Re5 34.
Rf8+ Kh7 35. R1f7+ Rg7 36. Nf5 Rxf7 37. Rxf7+ Kg6 38. Nxd6 Nd2 39. Rxb7 h4 40.
Rb6 Nf1+ 41. Kg1 Ne3 42. Ne4+ Kf7 43. Re6 Rxe6 44. Ng5+ Ke7 45. Nxe6 Nxc4 46.
Nxc5 Nxa3 47. Nxa4 Nb1 48. c4 Kd6 49. Nb2 Nd2 50. Kf2 Ne4+ 51. Ke3 Ng3 52. Kf4
Ne2+ 53. Kg4 Kc5 54. Kxh4 Nf4 55. Kg3 1-0

[Event "Titled Tue 26th Aug Late"]
[Site "chess.com INT"]
[Date "2025.08.26"]
[Round "3"]
[White "Zhukovskyi, Oleksandr"]
[Black "Murawski, Jan"]
[Result "0-1"]
[WhiteTitle "CM"]
[BlackTitle "CM"]
[WhiteElo "2145"]
[BlackElo "2189"]
[WhiteFideId "14169371"]
[BlackFideId "21009287"]
[EventDate "2025.08.26"]

1. e4 g6 2. d4 Bg7 3. Nc3 c5 4. dxc5 Bxc3+ 5. bxc3 Nf6 6. Bd3 Qa5 7. Ne2 Qxc5 8.
O-O d6 9. Be3 Qa5 10. f3 Nc6 11. Qd2 Bd7 12. Rfb1 Qc7 13. Nd4 a6 14. Ne2 Ne5 15.
Bb6 Qc8 16. Bd4 Nc4 17. Qh6 Ne5 18. Nf4 Nxd3 19. Bxf6 exf6 20. cxd3 Qxc3 21. Nd5
Qd4+ 22. Kh1 O-O-O 23. Qd2 Kb8 24. Rb2 Bc6 25. Nb4 Bb5 26. a4 a5 27. axb5 axb4
28. Rba2 Rc8 29. h4 b3 30. Ra8+ Kc7 31. Qa5+ Kd7 32. Qa7 Qxa7 33. R8xa7 Kc7 34.
Rb1 Kb6 35. Ra3 Rc5 36. Raxb3 Rhc8 37. Kh2 Rc2 38. Kg3 Rd2 39. Kh3 Rcc2 40. Rg1
Re2 41. Kg3 h5 0-1

[Event "Titled Tue 26th Aug Late"]
[Site "chess.com INT"]
[Date "2025.08.26"]
[Round "3"]
[White "Khanbutaev, Artemii"]
[Black "Mekhitarian, Krikor Sevag"]
[Result "0-1"]
[BlackTitle "GM"]
[WhiteElo "2145"]
[BlackElo "2549"]
[WhiteFideId "55747175"]
[BlackFideId "2107660"]
[EventDate "2025.08.26"]

1. d4 Nf6 2. c4 g6 3. Nc3 d5 4. cxd5 Nxd5 5. Bd2 c5 6. e4 Nxc3 7. Bxc3 cxd4 8.
Bxd4 e5 9. Bc3 Qxd1+ 10. Rxd1 Nc6 11. Bb5 f6 12. f4 exf4 13. Bxf6 Bb4+ 14. Kf1
Rf8 15. e5 Be6 16. a3 Be7 17. Bxe7 Kxe7 18. Bxc6 bxc6 19. Nf3 Bd5 20. Kf2 a5 21.
Rd4 Rfb8 22. Rxf4 Rxb2+ 23. Kg3 Rb3 24. a4 Rf8 25. Rxf8 Kxf8 26. Rc1 Ra3 27. Kf4
Rxa4+ 28. Ke3 Ra3+ 29. Kd4 Ke7 30. Ng5 h6 31. Nh7 Ra4+ 32. Kc5 Re4 33. Nf6 Rxe5
34. Nxd5+ Rxd5+ 35. Kxc6 Rd2 36. Rg1 a4 37. Kb5 a3 38. Kb4 a2 39. Kb3 Rxg2 40.
Re1+ Kf6 41. h4 Rh2 42. Rf1+ Kg7 43. Rg1 Rxh4 44. Kxa2 Rb4 45. Ka3 Rb8 46. Rh1
h5 47. Rg1 Kh6 48. Rh1 g5 49. Rd1 h4 50. Rd4 Kh5 51. Rd3 g4 52. Rd5+ Kg6 53.
Rd6+ Kf5 54. Rd5+ Kf4 55. Rd4+ Kf5 56. Rd5+ Ke4 57. Rg5 Kf4 58. Rh5 h3 59. Rc5
h2 60. Rh5 g3 61. Rh4+ Kf3 62. Rh8 0-1

[Event "Titled Tue 26th Aug Late"]
[Site "chess.com INT"]
[Date "2025.08.26"]
[Round "3"]
[White "Babiarz, Arkadiusz"]
[Black "Brkic, Ante"]
[Result "0-1"]
[WhiteTitle "CM"]
[BlackTitle "GM"]
[WhiteElo "2172"]
[BlackElo "2594"]
[WhiteFideId "21804362"]
[BlackFideId "14506688"]
[EventDate "2025.08.26"]

1. d4 d5 2. c4 e6 3. Nf3 Nf6 4. Nc3 a6 5. cxd5 exd5 6. Bg5 Be6 7. e3 Nbd7 8. Bd3
Bd6 9. O-O c6 10. Ne2 Qc7 11. Nf4 O-O 12. Qc2 h6 13. Nxe6 fxe6 14. Bh4 e5 15.
dxe5 Nxe5 16. Nxe5 Bxe5 17. Bg3 Bxg3 18. hxg3 Qe5 19. Qa4 Rae8 20. Qb4 Re7 21.
Rfd1 Qc7 22. Rac1 Ne4 23. Bxe4 Rxe4 24. Qb3 Qe7 25. Qc2 Re5 26. Rd4 Ref5 27. Rf4
Qe5 28. Qb3 R5f7 29. Qb4 g5 30. Rxf7 Rxf7 31. Qc3 Qe4 32. Qc2 Qe5 33. Qc3 Qf5
34. Qc2 Qf6 35. Qc3 Qxf2+ 36. Kh2 Qf6 37. Qb3 Qe5 38. Re1 Kg7 39. Qd3 Re7 40.
Qb3 h5 41. Rf1 h4 42. e4 dxe4 43. Qe3 Qxg3+ 44. Qxg3 hxg3+ 45. Kxg3 e3 46. Re1
e2 47. Kf3 Kf6 48. Rxe2 Rxe2 49. Kxe2 Kf5 50. Kf3 c5 51. Ke3 Kg4 52. Kf2 Kf4 53.
Ke2 g4 54. Kf2 c4 55. g3+ Ke4 56. Ke2 b5 57. a3 a5 58. a4 b4 59. Kd2 Kf3 0-1

[Event "Titled Tue 26th Aug Late"]
[Site "chess.com INT"]
[Date "2025.08.26"]
[Round "3"]
[White "Janaszak, Dawid"]
[Black "Romero Ruscalleda, Josep"]
[Result "1-0"]
[WhiteTitle "FM"]
[BlackTitle "FM"]
[WhiteElo "2306"]
[BlackElo "2110"]
[WhiteFideId "1119206"]
[BlackFideId "2231859"]
[EventDate "2025.08.26"]

1. e4 g6 2. Nc3 Bg7 3. Bc4 d6 4. d3 Nf6 5. f4 O-O 6. Nf3 c6 7. Bb3 a5 8. O-O b5
9. a3 Nbd7 10. Qe1 Nc5 11. Ba2 b4 12. axb4 axb4 13. Bxf7+ Rxf7 14. Rxa8 bxc3 15.
bxc3 Rf8 16. Be3 Ncd7 17. c4 c5 18. Kh1 Qb6 19. Qa5 Ng4 20. Bd2 Qb2 21. Qc7 Nb6
22. Rb8 Qxc2 23. Qxb6 Qxd3 24. Qb1 Qxc4 25. h3 Nf6 26. e5 Nh5 27. Rc1 Qe2 28.
Qb3+ Kh8 29. Qe3 Ng3+ 30. Kh2 Nf1+ 31. Rxf1 Qxf1 32. exd6 exd6 33. Bc3 Qc4 34.
Bxg7+ Kxg7 35. Qe7+ Rf7 36. Qxd6 Be6 37. Qe5+ Kh6 38. Qg5+ Kg7 39. Qe5+ Kh6 40.
Ng5 Qxf4+ 41. Qxf4 Rxf4 42. Nxe6 Re4 43. Nxc5 Re2 44. Nd3 Kg5 45. Rb5+ Kf6 46.
Nf4 Ra2 47. Nd5+ Kg7 48. Ne3 h5 49. h4 Ra4 50. g3 Re4 51. Nd5 Rd4 52. Rb7+ Kf8
53. Nf4 Rd6 54. Ra7 Kg8 55. Kg2 Kf8 56. Kf3 Rb6 57. Ke4 Kg8 58. Ke5 Kf8 59. Nd5
Rc6 60. Ra8+ Kg7 61. Ra7+ Kf8 62. Kf4 1-0

[Event "Titled Tue 26th Aug Late"]
[Site "chess.com INT"]
[Date "2025.08.26"]
[Round "3"]
[White "Svane, Rasmus"]
[Black "Kona, Vidip"]
[Result "1-0"]
[WhiteTitle "GM"]
[WhiteElo "2619"]
[BlackElo "2145"]
[WhiteFideId "4657101"]
[BlackFideId "30990440"]
[EventDate "2025.08.26"]

1. Nf3 Nf6 2. g3 c5 3. Bg2 Nc6 4. c4 d5 5. cxd5 Nxd5 6. Nc3 e5 7. Nxe5 Nxc3 8.
Nxc6 Nxd1 9. Nxd8 Nxf2 10. Nxf7 Nxh1 11. Nxh8 Nxg3 12. hxg3 g6 13. Bd5 Ke7 14.
d3 Be6 15. Bg5+ Kd6 16. Bxb7 Re8 17. Bf4+ Ke7 18. Be5 Bh6 19. Kf2 Rf8+ 20. Bf3
Bg5 21. Rh1 Bg8 22. b3 Re8 23. Bc3 Bf6 24. Bxf6+ Kxf6 25. Rc1 Re5 26. Be4 g5 27.
Ke3 Kg7 28. d4 cxd4+ 29. Kxd4 Ra5 30. Ng6 hxg6 31. Rc7+ Kh6 32. Rc6 Bf7 33. a4
Bxb3 34. Rxg6+ Kh5 35. Rg7 Rxa4+ 36. Ke3 Be6 37. Re7 Ra3+ 38. Kf2 Bc4 39. Rc7
Ra4 40. Bf5 g4 41. Rg7 Bb3 42. e4 Rb4 43. Ke3 Kh6 44. Rg6+ Kh5 45. Kf4 Bd1 46.
Rg7 1-0

[Event "Titled Tue 26th Aug Late"]
[Site "chess.com INT"]
[Date "2025.08.26"]
[Round "3"]
[White "Shandrygin, Nikita"]
[Black "Gkavardinas, Antonios"]
[Result "0-1"]
[WhiteTitle "FM"]
[BlackTitle "FM"]
[WhiteElo "2209"]
[BlackElo "2297"]
[WhiteFideId "24198668"]
[BlackFideId "25883097"]
[EventDate "2025.08.26"]

1. e4 c6 2. d4 d5 3. f3 e6 4. Nc3 Bb4 5. Bf4 Nf6 6. e5 Nfd7 7. a3 Bxc3+ 8. bxc3
c5 9. Be3 Nc6 10. Bd3 Qa5 11. Qd2 cxd4 12. cxd4 Qxd2+ 13. Kxd2 Nb6 14. Ne2 Na5
15. Ke1 Nac4 16. Bd2 Bd7 17. Bb4 O-O-O 18. Be7 Rde8 19. Bc5 Na4 20. Bb4 b5 21.
Nc3 Nxc3 22. Bxc3 Kb7 23. Bb4 Rc8 24. Ke2 a5 25. Be1 Ka6 26. c3 f6 27. f4 fxe5
28. fxe5 Be8 29. h3 Bg6 30. Bxc4 bxc4 31. Bd2 Rb8 32. Ke3 Bd3 33. g4 Rhf8 34.
Rh2 Rb2 35. a4 Be4 36. h4 Rf3+ 37. Ke2 Rxc3 38. Rf2 Rd3 39. Ke1 c3 40. Bg5 Rxf2
41. Kxf2 Rxd4 42. Rc1 c2 43. Be3 Rxa4 44. g5 Rb4 45. Bd2 Rb1 46. Ke3 Rxc1 47.
Bxc1 Kb5 48. Kd4 Kb4 49. Bd2+ Kb3 50. Bc1 a4 51. h5 a3 52. g6 hxg6 53. h6 gxh6 0-1

[Event "Titled Tue 26th Aug Late"]
[Site "chess.com INT"]
[Date "2025.08.26"]
[Round "3"]
[White "Ellison, Jeremy"]
[Black "Kleibel, Uwe"]
[Result "0-1"]
[WhiteTitle "CM"]
[BlackTitle "FM"]
[WhiteElo "1819"]
[BlackElo "2301"]
[WhiteFideId "241000030"]
[BlackFideId "1270982"]
[EventDate "2025.08.26"]

1. d4 d5 2. Nc3 Nf6 3. Bf4 a6 4. Nf3 h6 5. e3 e6 6. Ne5 c5 7. g4 Nc6 8. h4 cxd4
9. exd4 Qb6 10. Nxc6 bxc6 11. Qd2 Bb4 12. Bd3 Qxd4 13. g5 hxg5 14. Bxg5 Qe5+ 15.
Kd1 d4 16. Re1 dxc3 17. Rxe5 cxd2 18. c3 Bd6 19. Re2 Bb7 20. Kxd2 c5 21. Rae1
Nd5 22. Kc2 Rc8 23. a4 c4 24. Be4 Bc6 25. b3 cxb3+ 26. Kxb3 Rb8+ 27. Kc4 Kd7 28.
Bc2 Nb6+ 29. Kd3 Nxa4 30. Rd2 Kc7 31. Ke2 Nc5 32. Ra1 f6 33. Be3 Rxh4 34. Bxc5
Bxc5 35. Rxa6 Bb5+ 36. Bd3 Bxa6 37. Bxa6 Rf4 38. f3 Rh8 39. Rd1 Rh2+ 40. Kd3
Rxf3+ 41. Kc4 Bd6 42. Rb1 Rh4+ 43. Kb3 Be5 44. Rc1 Rhh3 45. Kb4 Rxc3 46. Rg1 g5
47. Rd1 Rb3+ 48. Kc5 Rhc3+ 49. Bc4 Rb6 50. Re1 Rc6+ 51. Kb4 R3xc4+ 52. Kb5 R4c5+
53. Kb4 Bc3+ 0-1

[Event "Titled Tue 26th Aug Late"]
[Site "chess.com INT"]
[Date "2025.08.26"]
[Round "3"]
[White "Young, Cohen"]
[Black "Przybylski, Wojciech"]
[Result "0-1"]
[WhiteTitle "CM"]
[BlackTitle "FM"]
[WhiteElo "2030"]
[BlackElo "2340"]
[WhiteFideId "4317440"]
[BlackFideId "1117599"]
[EventDate "2025.08.26"]

1. e4 c5 2. Nf3 d6 3. d4 cxd4 4. Nxd4 Nf6 5. Nc3 a6 6. f3 e5 7. Nb3 Be7 8. Be3
O-O 9. Qd2 b5 10. O-O-O Bb7 11. g4 b4 12. Ne2 a5 13. Kb1 a4 14. Nbc1 Nc6 15. g5
Nd7 16. Ng3 b3 17. cxb3 axb3 18. Nxb3 g6 19. h4 Na5 20. Nxa5 Qxa5 21. Qxa5 Rxa5
22. h5 Rfa8 23. Bc4 Rc8 24. Rc1 Kg7 25. h6+ Kf8 26. Rc2 Rb8 27. Rhc1 Nc5 28. Ka1
Bc8 29. b4 Rxb4 30. Bd2 Rxc4 31. Rxc4 Ra8 32. R4c3 Be6 33. R1c2 Nb3+ 34. Kb1 Nd4
35. Rb2 d5 36. Rc7 dxe4 37. Nxe4 Bd5 38. Nf6 Nxf3 39. Rxe7 Bxa2+ 40. Rxa2 Rb8+
41. Rb2 Nxd2+ 42. Kc2 Rxb2+ 43. Kxb2 Kxe7 44. Ng4 Ne4 45. Nxe5 Nxg5 46. Kc3 f6
47. Ng4 Nf7 48. Kd4 f5 49. Ne3 Nxh6 50. Ke5 Ng4+ 51. Nxg4 fxg4 52. Kf4 Kf6 53.
Kxg4 h6 54. Kh4 Kf5 55. Kg3 Kg5 56. Kh3 Kf4 57. Kh4 g5+ 58. Kh5 g4 59. Kxh6 g3
60. Kg7 g2 61. Kf7 g1=Q 0-1

[Event "Titled Tue 26th Aug Late"]
[Site "chess.com INT"]
[Date "2025.08.26"]
[Round "3"]
[White "Tang, Andrew"]
[Black "Munoz, Francisco Javier"]
[Result "1-0"]
[WhiteTitle "GM"]
[BlackTitle "FM"]
[WhiteElo "2538"]
[BlackElo "2389"]
[WhiteFideId "2059630"]
[BlackFideId "128368"]
[EventDate "2025.08.26"]

1. d4 Nf6 2. c4 e6 3. Nc3 d5 4. cxd5 exd5 5. Bg5 c6 6. e3 Nbd7 7. Bd3 h6 8. Bh4
Be7 9. Nge2 Nh5 10. Bxe7 Qxe7 11. g4 Nhf6 12. h3 Nb6 13. Qb3 Be6 14. Nf4 O-O 15.
Rg1 c5 16. Nxe6 c4 17. Qa3 Qxa3 18. bxa3 fxe6 19. Bc2 Ne8 20. g5 hxg5 21. Rxg5
Rf3 22. Rh5 Nc8 23. Ke2 Rf6 24. Rg1 Ncd6 25. Rg4 Rd8 26. Rgh4 Nf5 27. Rh8+ Kf7
28. Rg4 Rc8 29. Rg5 Ned6 30. Rxc8 Nxc8 31. Bxf5 Rxf5 32. Rxf5+ exf5 33. Nxd5 Nd6
34. f3 g6 35. Nc3 b5 36. e4 a6 37. Ke3 Ke6 38. d5+ Ke7 39. e5 Nb7 40. Kd4 Kd7
41. h4 Ke7 42. Ne2 Kf7 43. Nf4 Nd8 44. Kc5 Kg7 45. d6 Kf7 46. Kd5 Nb7 47. e6+
Kf6 48. e7 Kf7 49. Nxg6 c3 50. Ne5+ Ke8 51. Nd3 Kd7 52. Ne5+ Ke8 53. Kc6 c2 54.
Nd3 1-0

[Event "Titled Tue 26th Aug Late"]
[Site "chess.com INT"]
[Date "2025.08.26"]
[Round "3"]
[White "Paval, George"]
[Black "Simiyu Jadon"]
[Result "0-1"]
[BlackTitle "FM"]
[WhiteElo "2139"]
[BlackElo "2132"]
[WhiteFideId "1214233"]
[BlackFideId "10824014"]
[EventDate "2025.08.26"]

1. d4 Nf6 2. Nc3 d5 3. Bf4 e6 4. e3 a6 5. g4 c5 6. g5 Nfd7 7. Qf3 Nc6 8. O-O-O
b5 9. Bxb5 axb5 10. Nxb5 Rxa2 11. Nc7+ Ke7 12. Kb1 Ra7 13. Qg3 e5 14. Nxd5+ Ke8
15. dxe5 Qa5 16. Kc1 Qa1+ 17. Kd2 Qa5+ 18. Nc3 Nb6 19. Ke2 Ba6+ 20. Kf3 Bb7 21.
Kg4 Ne7 22. Nge2 Bxh1 23. Rxh1 Nd7 24. Qf3 Qb6 25. Rd1 Qe6+ 26. Kg3 Nf5+ 27. Kg4
Nd4+ 28. Kg3 Nxf3 29. Kxf3 Nxe5+ 30. Kg2 Qg4+ 31. Kf1 Nf3 32. Nd5 Be7 33. Ng3
Nxh2+ 34. Ke1 Nf3+ 35. Kf1 f6 36. gxf6 gxf6 37. b4 Ne5 38. Rd2 h6 39. Kg2 h5 40.
Nxf6+ Bxf6 41. bxc5 h4 42. Rd6 hxg3 43. fxg3 Qf3+ 44. Kg1 Rh1# 0-1

[Event "Titled Tue 26th Aug Late"]
[Site "chess.com INT"]
[Date "2025.08.26"]
[Round "3"]
[White "Gabrielian, Artur"]
[Black "Vachier-Lagrave, Maxime"]
[Result "0-1"]
[WhiteTitle "GM"]
[BlackTitle "GM"]
[WhiteElo "2407"]
[BlackElo "2736"]
[WhiteFideId "4131002"]
[BlackFideId "623539"]
[EventDate "2025.08.26"]

1. Nf3 d5 2. g3 Nf6 3. Bg2 c5 4. O-O h5 5. c4 d4 6. e3 h4 7. Nxh4 e5 8. exd4
Rxh4 9. gxh4 Qxd4 10. Nc3 Qxh4 11. Nd5 Nxd5 12. cxd5 Bd6 13. Re1 Nd7 14. d3 Nf6
15. Qf3 Kf8 16. Qg3 Qd4 17. Be3 Qxb2 18. Bg5 Qd4 19. Bxf6 gxf6 20. Rab1 f5 21.
Qh3 Kg7 22. Kh1 Qg4 23. Rg1 Qxh3 24. Bxh3+ Kf6 25. Rg8 b6 26. Rbg1 Bb7 27. Rxa8
Bxa8 28. Bg2 b5 29. h4 c4 30. dxc4 bxc4 31. h5 Kg5 32. Bf3+ Kh6 33. Rg8 Bb7 34.
Rd8 Bc5 35. Rd7 c3 36. Bd1 Ba8 37. Kg1 Bb6 38. Rd6+ Kg7 39. h6+ Kh7 40. Bc2 e4
41. Rd7 Kxh6 42. d6 Bd5 43. Re7 Kg6 44. d7 Be6 45. Ba4 Bd8 46. Re8 Bxd7 47. Rxd8
Bxa4 48. Rc8 c2 49. Kf1 f4 50. Ke2 Bb5+ 51. Kd2 Bd3 52. Rc5 f5 53. Rc7 f3 54.
Ke3 Kf6 55. Kd2 f4 56. Rc5 e3+ 57. fxe3 f2 0-1

[Event "Titled Tue 26th Aug Late"]
[Site "chess.com INT"]
[Date "2025.08.26"]
[Round "3"]
[White "Sharankov, Grigory"]
[Black "Kaufman, David"]
[Result "1/2-1/2"]
[WhiteTitle "CM"]
[BlackTitle "IM"]
[WhiteElo "2238"]
[BlackElo "2447"]
[WhiteFideId "4168356"]
[BlackFideId "34220194"]
[EventDate "2025.08.26"]

1. d4 Nf6 2. Nf3 d5 3. c4 e6 4. g3 Bb4+ 5. Bd2 Be7 6. Bc3 O-O 7. Bg2 Nbd7 8. Qd3
c6 9. Nbd2 b6 10. e4 dxe4 11. Nxe4 Bb7 12. O-O c5 13. Nxf6+ Nxf6 14. Rad1 cxd4
15. Bxd4 Qc8 16. b3 Rd8 17. Qe2 Bc6 18. Ne5 Bxg2 19. Kxg2 Qc7 20. Bb2 Bd6 21.
Rfe1 Rac8 22. Qf3 Bb4 23. Rxd8+ Rxd8 24. Re2 Bf8 25. Nc6 Rc8 26. Bxf6 Qxc6 27.
Qxc6 Rxc6 28. Bb2 Rd6 29. Ba3 Rd1 30. Bxf8 Kxf8 31. Rc2 Ke7 32. Kf3 Kd6 33. Ke2
Ra1 34. Kd3 Kc5 35. Kc3 a5 36. Re2 Rc1+ 37. Kb2 Rf1 38. Kc3 h6 39. a3 g5 40. b4+
axb4+ 41. axb4+ Kc6 42. h4 gxh4 43. gxh4 Rh1 44. Re4 Rh2 45. Rf4 f5 46. Kd4 Kd6
47. c5+ bxc5+ 48. bxc5+ Ke7 49. Kc4 Rh1 50. Kb5 Kd7 51. Rd4+ Kc7 52. Ra4 Rb1+
53. Kc4 Rf1 54. Ra7+ Kc6 55. Ra6+ Kd7 56. Ra7+ Kc6 57. Ra6+ Kd7 58. Ra7+ Kc6 1/2-1/2

[Event "Titled Tue 26th Aug Late"]
[Site "chess.com INT"]
[Date "2025.08.26"]
[Round "3"]
[White "Poleg, Matan"]
[Black "Alvarado, Carlos"]
[Result "1/2-1/2"]
[WhiteTitle "FM"]
[BlackTitle "CM"]
[WhiteElo "2277"]
[BlackElo "2032"]
[WhiteFideId "2811472"]
[BlackFideId "3800555"]
[EventDate "2025.08.26"]

1. e4 c5 2. Nf3 Nc6 3. Bb5 Nf6 4. Nc3 Qc7 5. O-O Nd4 6. Re1 Ng4 7. g3 Nxf3+ 8.
Qxf3 Ne5 9. Qd1 e6 10. Bf1 d6 11. f4 Nd7 12. d4 Be7 13. d5 e5 14. f5 h6 15. Qg4
Kf8 16. Be3 a6 17. a4 Nf6 18. Qf3 g5 19. b3 g4 20. Qg2 h5 21. Bd3 Bd7 22. a5 Qd8
23. Na4 Nh7 24. Nb6 Rb8 25. c3 Be8 26. b4 cxb4 27. cxb4 Bg5 28. Qd2 h4 29. Rec1
Rg8 30. Rc2 Kg7 31. Rac1 Kh8 32. Rc8 Bxe3+ 33. Qxe3 Rxc8 34. Rxc8 Qg5 35. Qxg5
Nxg5 36. Nc4 Bb5 37. Rxg8+ Kxg8 38. Kf2 Nxe4+ 39. Ke3 hxg3 40. hxg3 Nf6 41. Nxd6
Nxd5+ 42. Kd2 Bxd3 43. Kxd3 Nxb4+ 44. Ke4 Nc6 45. Nxb7 Kg7 46. Nc5 Kf6 47. Nxa6
Nxa5 48. Nc5 Nc4 49. Nd7+ Kg5 50. Nxe5 Nd6+ 51. Ke3 Nxf5+ 52. Kf2 f6 53. Nd3
Nxg3 54. Kxg3 f5 55. Nf4 Kf6 56. Ng2 Ke5 57. Nf4 Kf6 58. Ng2 Ke5 59. Nf4 Kf6 1/2-1/2

[Event "Titled Tue 26th Aug Late"]
[Site "chess.com INT"]
[Date "2025.08.26"]
[Round "3"]
[White "Ebrahimi Herab, Hamidreza"]
[Black "Sindarov, Javokhir"]
[Result "0-1"]
[WhiteTitle "FM"]
[BlackTitle "GM"]
[WhiteElo "2385"]
[BlackElo "2722"]
[WhiteFideId "22512888"]
[BlackFideId "14205483"]
[EventDate "2025.08.26"]

1. d4 Nf6 2. c4 g6 3. Nc3 Bg7 4. e4 d6 5. Be2 O-O 6. Bg5 c5 7. d5 e6 8. Qd2 exd5
9. exd5 Re8 10. h3 Qb6 11. Nf3 Bf5 12. O-O Ne4 13. Nxe4 Bxe4 14. Rae1 Nd7 15. b3
a5 16. Nh2 Qb4 17. Qc1 Qc3 18. Bf3 Bd3 19. Rxe8+ Rxe8 20. Qxc3 Bxc3 21. Rd1 Re1+
22. Rxe1 Bxe1 23. Be7 Bb1 24. Bxd6 Bxa2 25. Bd1 a4 26. bxa4 Bxc4 27. Bf3 Bb3 28.
Ng4 Bxa4 29. Ne5 Nxe5 30. Bxe5 Bd7 31. Kf1 Ba5 32. Ke2 Kf8 33. Bd6+ Ke8 34. Bxc5
Bb5+ 35. Ke3 Kd7 36. g4 Bd8 37. Kf4 Bf1 38. Bd1 b6 39. Ba4+ b5 40. Bb3 Be7 41.
Bxe7 Kxe7 42. d6+ Kxd6 43. Bxf7 Bc4 44. Bxc4 bxc4 45. Ke3 Kc5 46. f4 Kd5 47. Kf3
Kd4 48. f5 gxf5 49. gxf5 Ke5 50. Ke3 Kxf5 51. Kd4 Kf4 52. Kxc4 Kg3 53. Kd3 Kxh3
54. Ke2 Kg2 55. Ke3 h5 56. Kf4 h4 57. Kg4 h3 0-1